Science - Biology | 2 | 6 | 0 | 0 | 90 | 12 | 77.75 | 1 | 1 |
Other - Other Academic and General Knowledge | 0 | 4 | 0 | 0 | 40 | 97 | 99.50 | 0 | 0 |
RMP - World Mythology | 1 | 2 | 0 | 0 | 35 | 37 | 89.67 | 1 | 1 |
History - World | 0 | 3 | 0 | 0 | 30 | 77 | 107.00 | 0 | 0 |
Science - Astronomy | 1 | 1 | 0 | 0 | 25 | 56 | 66.50 | 0 | 0 |
History - Cross, Historiography, and Miscellaneous | 0 | 2 | 0 | 0 | 20 | 84 | 103.50 | 0 | 0 |
History - American | 1 | 0 | 0 | 0 | 15 | 56 | 56.00 | 0 | 0 |
Social Science - Linguistics | 1 | 0 | 0 | 0 | 15 | 17 | 17.00 | 1 | 1 |
Social Science - Sociology | 0 | 1 | 0 | 0 | 10 | 109 | 109.00 | 0 | 0 |
Fine Arts - Architecture | 0 | 1 | 0 | 0 | 10 | 126 | 126.00 | 0 | 0 |
Fine Arts - Painting | 0 | 1 | 0 | 0 | 10 | 122 | 122.00 | 0 | 0 |
Geography - World | 0 | 1 | 0 | 0 | 10 | 76 | 76.00 | 0 | 0 |
History - European | 0 | 1 | 0 | 0 | 10 | 75 | 75.00 | 0 | 0 |
Literature - World and Miscellaneous | 0 | 1 | 0 | 0 | 10 | 78 | 78.00 | 0 | 0 |
RMP - Philosophy | 0 | 1 | 0 | 0 | 10 | 105 | 105.00 | 0 | 0 |
Social Science - Other | 0 | 1 | 0 | 0 | 10 | 81 | 81.00 | 0 | 0 |
Current Events - World | 0 | 1 | 0 | 0 | 10 | 97 | 97.00 | 0 | 0 |
Science - Earth | 0 | 1 | 0 | 0 | 10 | 62 | 62.00 | 0 | 1 |
Science - Math | 0 | 1 | 0 | 0 | 10 | 111 | 111.00 | 0 | 0 |
Literature - European | 0 | 0 | 0 | 0 | 0 | | 0.00 | 0 | 0 |
Fine Arts - Music | 0 | 0 | 0 | 0 | 0 | | 0.00 | 0 | 0 |